书目信息 |
| 题名: |
建筑施工技术
|
|
| 作者: | 张长友 , 白锋 主编 | |
| 分册: | ||
| 出版信息: | 北京 中国电力出版社 2007.02 |
|
| 页数: | 381页 | |
| 开本: | 26cm | |
| 丛书名: | ||
| 单 册: | ||
| 中图分类: | TU74 | |
| 科图分类: | ||
| 主题词: | 建筑工程--jian zhu gong cheng--工程施工--高等学校--教材 | |
| 电子资源: | ||
| ISBN: | 978-7-5083-5083-7 | |
| 000 | 00919nam0 2200265 450 | |
| 001 | 012007041236 | |
| 005 | 20070930093718.89 | |
| 010 | @a978-7-5083-5083-7@dCNY36.00 | |
| 100 | @a20070804d2007 km y0chiy0120 ea | |
| 101 | 0 | @achi |
| 102 | @aCN@b110000 | |
| 105 | @aa a 000yy | |
| 200 | 1 | @a建筑施工技术@Ajian zhu shi gong ji shu@f张长友, 白锋主编@Fzhang chang you,bai feng zhu bian |
| 205 | @a第2版 | |
| 210 | @a北京@c中国电力出版社@d2007.02 | |
| 215 | @a381页@c图@d26cm | |
| 300 | @a普通高等教育“十一五”国家级规划教材(高职高专教育) | |
| 320 | @a有书目 (第381页)。 | |
| 330 | @a全书共分十一章,主要内容包括土方工程、地基与基础工程、砌体工程、钢筋混凝土结构工程、结构安装工程等。 | |
| 606 | 0 | @a建筑工程@Ajian zhu gong cheng@x工程施工@x高等学校@j教材 |
| 690 | @aTU74@v4 | |
| 701 | 0 | @a张长友@Azhang chang you@4主编 |
| 701 | 0 | @a白锋@Abai feng@4主编 |
| 801 | 0 | @aCN@c20070930 |
| 905 | @dTU74@eZ088 | |
| 建筑施工技术/张长友, 白锋主编.-第2版.-北京:中国电力出版社,2007.02 |
| 381页:图;26cm |
| 普通高等教育“十一五”国家级规划教材(高职高专教育) |
| ISBN 978-7-5083-5083-7:CNY36.00 |
| 全书共分十一章,主要内容包括土方工程、地基与基础工程、砌体工程、钢筋混凝土结构工程、结构安装工程等。 |
| ● |
| 相关链接 |
|
|
|
正题名:建筑施工技术
索取号:TU74/Z088
 
预约/预借
| 序号 | 登录号 | 条形码 | 馆藏地/架位号 | 状态 | 备注 |
| 1 | 256371 | 202563715 | 建筑库201/201建筑库 108排3列2层/ [索取号:TU74/Z088] | 在馆 | |
| 2 | 256372 | 202563724 | 建筑库201/ [索取号:TU74/Z088] | 在馆 | |
| 3 | 256373 | 202563733 | 建筑库201/201建筑库 108排3列2层/ [索取号:TU74/Z088] | 在馆 |